[Event "Warsaw City-ch"]
[Site "Warsaw"]
[Date "2009.10.03"]
[Round "6"]
[White "Dominiczak, Adrian"]
[Black "Melchers, Damian"]
[Result "0-1"]
[WhiteElo "1680"]
[BlackElo "1991"]
[PlyCount "72"]
[EventDate "2009.09.26"]
[EventType "swiss"]
[EventRounds "9"]
[EventCountry "POL"]
[SourceTitle "EXT 2010"]
[Source "ChessBase"]
[SourceDate "2010.11.25"]
[SourceVersion "1"]
[SourceVersionDate "2010.11.25"]
[SourceQuality "1"]

1. d4 Nf6 2. Nf3 g6 3. c4 c5 4. d5 b5 5. cxb5 a6 6. bxa6 Bxa6 7. g3 Bg7 8. Bg2 d6 9. Nc3 0-0 10. 0-0 Nbd7 11. Re1 Qb6 12. Qc2 Rfb8 13. e4 Ng4 14. h3 Nge5 15. Nxe5 Nxe5 16. Kh2 Nd3 17. Re3 Nxc1 18. Na4 Qa5 19. Rxc1 Bd4 20. Rf3 Bc8 21. b3 Bd7 22. Rb1 Rb4 23. a3 Rb7 24. Bf1 Rab8 25. Nxc5 Qxc5 26. Qd2 Bb5 27. b4 Qa7 28. Bxb5 Rxb5 29. a4 R5b7 30. b5 Bf6 31. Ra3 Qc5 32. Rab3 Qd4 33. Qa2 Qc4 34. Qa3 Bd4 35. Kg2 Bc5 36. Rc3 Qxe4+ 0-1

[Event "Warsaw City-ch"]
[Site "Warsaw"]
[Date "2009.10.03"]
[Round "7"]
[White "Melchers, Damian"]
[Black "Sujkowski, Pawel"]
[Result "1-0"]
[WhiteElo "1991"]
[BlackElo "1882"]
[PlyCount "120"]
[EventDate "2009.09.26"]
[EventType "swiss"]
[EventRounds "9"]
[EventCountry "POL"]
[SourceTitle "EXT 2010"]
[Source "ChessBase"]
[SourceDate "2010.11.25"]
[SourceVersion "1"]
[SourceVersionDate "2010.11.25"]
[SourceQuality "1"]

1. e4 c5 2. Nf3 d6 3. c4 Bg4 4. Be2 Nf6 5. Nc3 Nc6 6. 0-0 g6 7. h3 Bxf3 8. Bxf3 Bg7 9. d3 0-0 10. Be3 Nd7 11. g3 Rb8 12. Qd2 Re8 13. Bg2 a6 14. f4 Nd4 15. f5 b5 16. Bh6 Be5 17. Qf2 f6 18. Rae1 Nb6 19. cxb5 axb5 20. Bf4 b4 21. Ne2 Ra8 22. Bxe5 dxe5 23. Ra1 Nxe2+ 24. Qxe2 Qd4+ 25. Kh2 Red8 26. Rfd1 Na4 27. Rab1 Kg7 28. Bf3 Nb6 29. Ra1 Ra6 30. fxg6 hxg6 31. Bg4 Na4 32. Rab1 Rda8 33. Rd2 Rd6 34. Qg2 c4 35. Rbd1 c3 36. bxc3 Nxc3 37. Re1 Ra3 38. Bd1 Nxd1 39. Rexd1 Ra8 40. Qe2 Rad8 41. Kg2 Qb6 42. Qf2 Rd4 43. Qe2 Qd6 44. Rb1 Qa6 45. Rbd1 Qc6 46. Rc2 Qd7 47. Rcd2 Rh8 48. Rh1 Qc6 49. Rc2 Qd6 50. Rd2 Rd8 51. Rhd1 e6 52. g4 g5 53. Kg3 Kg6 54. Qf3 Rf8 55. Rf1 Kg7 56. Kg2 Qe7 57. Kg3 Rfd8 58. Kg2 R8d7 59. Rfd1 Rc7 60. Rf1 Rc5 1-0

[Event "Warsaw Najdorf Memorial op-A"]
[Site "Warsaw"]
[Date "2009.07.23"]
[Round "6"]
[White "Maugenest, Gonzague"]
[Black "Melchers, Damian"]
[Result "1/2-1/2"]
[WhiteElo "2043"]
[BlackElo "2023"]
[PlyCount "87"]
[EventDate "2009.07.18"]
[EventType "swiss"]
[EventRounds "9"]
[EventCountry "POL"]
[SourceTitle "CBM 131 Extra"]
[Source "ChessBase"]
[SourceDate "2009.09.03"]
[SourceVersion "2"]
[SourceVersionDate "2009.09.16"]
[SourceQuality "1"]

1. e4 c5 2. Nf3 Nc6 3. d4 cxd4 4. Nxd4 e6 5. Nc3 Qc7 6. Be2 Nf6 7. 0-0 a6 8. Be3 b5 9. Nxc6 dxc6 10. f3 Bb7 11. Qe1 Be7 12. Qf2 c5 13. a4 b4 14. Nb1 0-0 15. a5 Bd6 16. g3 Nd7 17. Nd2 f5 18. Bc4 fxe4 19. Bxe6+ Kh8 20. Bxd7 Qxd7 21. f4 Qb5 22. b3 Bd5 23. Rfd1 Rad8 24. Qf1 Qc6 25. Nc4 Be7 26. Nb6 Be6 27. Qxa6 Bf6 28. Rxd8 Rxd8 29. Rb1 Bg4 30. Qc4 Bd4 31. Re1 Bxe3+ 32. Rxe3 Rd1+ 33. Kf2 Bf3 34. Qf7 h6 35. Nc4 Qc8 36. f5 Qd8 37. g4 Rd2+ 38. Kf1 Rd1+ 39. Re1 Rxe1+ 40. Kxe1 Qd1+ 41. Kf2 Qe2+ 42. Kg3 Qg2+ 43. Kf4 Qxh2+ 44. Ke3 1/2-1/2

[Event "Warsaw Najdorf Memorial op-A"]
[Site "Warsaw"]
[Date "2009.07.18"]
[Round "1"]
[White "Melchers, Damian"]
[Black "Adamski, Jan"]
[Result "0-1"]
[WhiteElo "2023"]
[BlackElo "2276"]
[PlyCount "54"]
[EventDate "2009.07.18"]
[EventType "swiss"]
[EventRounds "9"]
[EventCountry "POL"]
[SourceTitle "CBM 131 Extra"]
[Source "ChessBase"]
[SourceDate "2009.09.03"]
[SourceVersion "2"]
[SourceVersionDate "2009.09.16"]
[SourceQuality "1"]

1. e4 c5 2. Nf3 e6 3. c4 Nc6 4. d4 cxd4 5. Nxd4 Nf6 6. Nc3 Bb4 7. Nxc6 dxc6 8. Qxd8+ Kxd8 9. Bg5 e5 10. 0-0-0+ Kc7 11. f3 Be6 12. Kc2 Bc5 13. Be2 Bd4 14. Bd3 Rhe8 15. Ne2 Bc5 16. Rhe1 Nd7 17. f4 Be3 18. Bh4 exf4 19. Bg5 Bg4 20. g3 Nc5 21. e5 Nxd3 22. Kxd3 Rxe5 23. gxf4 Re6 24. Kc2 Bf2 25. Nd4 Bxd4 26. Rxe6 Bxd1+ 27. Kxd1 fxe6 0-1